| 000 | 00854nam a22002295i 4500 | ||
|---|---|---|---|
| 001 | 156524 | ||
| 003 | ES-MaACL | ||
| 005 | 20230906210430.0 | ||
| 008 | 990108s1875 sp |||| | spa d | ||
| 040 |
_aCCPB | B _bspa _cCCPB | B |
||
| 100 | 1 |
_aJuste y Garcés, Joaquín. _9128408 |
|
| 245 | 1 | 3 |
_aLa Osa de Andara _b: (estudio psicológico) / _cpor Joaquín Juste Garcés. |
| 260 |
_aMadrid : _b[s.n.], _c1875 ( _fImprenta de la Sociedad Tipográfica) |
||
| 300 |
_a256 p. ; _c20 cm. |
||
| 490 | 1 |
_aEnciclopedia Popular publicada por la Sociedad Tipográfica ; _v1 |
|
| 510 | 4 |
_aPalau, _c126674 |
|
| 596 | _aMarca tip. en port. | ||
| 597 | _aAntep. | ||
| 830 | 0 |
_aEnciclopedia Popular publicada por la Sociedad Tipográfica ; _v1 _9221683 |
|
| 852 |
_aES-MaACL _jT-753-F-2 _z-- Enc. hol. _z-- Enc. en un vol. facticio |
||
| 999 |
_c156524 _d156524 |
||